00783cam a22002177a 4500003000500000005001700005008004100022010001000063011001000073035001000083040000900093100003500102245018600137260004100323300002300364502008100387650003100468650001700499650001700516650003200533CHAP20220817043411.0971121d1997 mx r 00110 spa d a74454 a75426 a84989 cCHAP00aVargas Hernández, Francisco.10aDeterminación de la factibilidad económica de dos modelos de inversión para el desarrollo del sector forestal maderable del estado de Sonorac/por Francisco Vargas Hernández aChapingo, Méx. :bEl autor,c1997. a141 h. :bgráfs. aTesis (Ing. Agr. Esp. en Bosques) -- UACH. División de Ciencias Forestales14aMadera aserradaxMercadeo.24aAserraderos.24aConíferas.24aIndustria madereraxSonora.